000 00703nam a2200253Ia 4500
003 OSt
005 20220918180808.0
006 a|||||r|||| 00| 0
007 ta
008 220917b |||||||| |||| 00| 0 eng d
024 _a24,186
037 _cTextual
040 _aARTS
_cARTS
_beng
041 _2eng
_aeng
082 _aO111:gM, M3
100 _aNovak Maximillian E
_955332
245 0 _aEighteenth century English literature
260 _aLondon
_bMacmillan
_c1983
300 _aix,227p. illus
_ccm.
490 _aMacmillan history of literature; 5
650 _aENGLISH LITERATURE
942 _hO111:gM, M3
_cTEXL
_2CC
999 _c163166
_d163166